La educación pública : (Record no. 91218)

MARC details
000 -CABECERA
campo de control de longitud fija 00626nam a2200193 a 4500
005 - FECHA Y HORA DE LA ÚLTIMA TRANSACCIÓN
campo de control 20250111063758.0
008 - ELEMENTOS DE LONGITUD FIJA--INFORMACIÓN GENERAL
campo de control de longitud fija 020903s1972 mx r 000 0 spa d
035 ## - NÚMERO DE CONTROL DEL SISTEMA
Número de control de sistema UPN01000118855
049 ## - COLECCIÓN
Colección CG
050 #4 - SIGNATURA TOPOGRÁFICA DE LA BIBLIOTECA DEL CONGRESO
Número de clasificación LC1030
Número de documento/Ítem K5.3
100 1# - ASIENTO PRINCIPAL--NOMBRE PERSONAL
Nombre de persona Klein, Helmut
9 (RLIN) 41619
245 13 - MENCIÓN DE TÍTULO
Título La educación pública :
Resto del título República Democrática Alemana /
Mención de responsabilidad, etc. Helmut Klein, Ernst Behling.
260 ## - PUBLICACIÓN, DISTRIBUCIÓN, ETC.
Lugar de publicación, distribución, etc. [Alemania] :
Nombre del editor, distribuidor, etc. Zeit im Bild,
Fecha de publicación, distribución, etc. 1972.
300 ## - DESCRIPCIÓN FÍSICA
Extensión 63 p.
650 #4 - ASIENTO SECUNDARIO DE MATERIA - TERMINO TEMATICO
Término de materia o nombre geográfico como elemento de entrada Educación
Subdivisión geográfica Alemania (República Democrática, 1949-1990)
9 (RLIN) 696
650 #4 - ASIENTO SECUNDARIO DE MATERIA - TERMINO TEMATICO
Término de materia o nombre geográfico como elemento de entrada Socialismo y educación
9 (RLIN) 7302
700 1# - ASIENTO SECUNDARIO--NOMBRE DE PERSONAL
Nombre de persona Behling, Ernst,
Término indicativo de función/relación coaut.
9 (RLIN) 41620
905 ## - TIPO DE MATERIAL
Tipo de material Libro
Holdings
Estado de retiro Estado de pérdida Fuente del sistema de clasificación o colocación Estado dañado No para préstamo Código de colección Localización permanente Ubicación/localización actual Ubicación en estantería Total de préstamos Clasificación Código de barras Fecha visto por última vez Número de copia Tipo de ítem Koha
    Library of Congress Classification   En restauración Colección General Bib. Gregorio Torres Quintero Bib. Gregorio Torres Quintero Planta baja 2 LC1030 K5.3 130924 31/12/2020 1 Libro